|
|
|
|
| LEADER |
01617cas a2200241 a 4500 |
| 001 |
AALejournalIMF000671 |
| 008 |
230101c9999 xx r poo 0 0eng d |
| 020 |
|
|
|c 5.00 USD
|
| 020 |
|
|
|z 9781451948585
|
| 022 |
|
|
|a 1018-5941
|
| 040 |
|
|
|a BD-DhAAL
|c BD-DhAAL
|
| 100 |
1 |
|
|a Kalra, Sanja.
|
| 245 |
1 |
0 |
|a Inflation and Money Demand in Albania /
|c Sanja Kalra.
|
| 264 |
|
1 |
|a Washington, D.C. :
|b International Monetary Fund,
|c 1998.
|
| 300 |
|
|
|a 1 online resource (34 pages)
|
| 490 |
1 |
|
|a IMF Working Papers
|
| 500 |
|
|
|a <strong>Off-Campus Access:</strong> No User ID or Password Required
|
| 500 |
|
|
|a <strong>On-Campus Access:</strong> No User ID or Password Required
|
| 506 |
|
|
|a Electronic access restricted to authorized BRAC University faculty, staff and students
|
| 520 |
3 |
|
|a The paper uses a simple analytical framework to estimate relationships between prices, money the exchange rate, and interest rates in Albania during 1993-97. The estimated parsimonious error correction model extends the findings of a growing literature on inflation and money demand in transition economies. The results suggest that, after the one-time effects of the 1997 crisis are taken into account, the long-run determinants of inflation and money demand remained unchanged. Strong financial policies since mid-1997 appear to have helped to restore conditions for low inflation and stable money demand.
|
| 538 |
|
|
|a Mode of access: Internet
|
| 830 |
|
0 |
|a IMF Working Papers; Working Paper ;
|v No. 1998/101
|
| 856 |
4 |
0 |
|z Full text available on IMF
|u http://elibrary.imf.org/view/journals/001/1998/101/001.1998.issue-101-en.xml
|z IMF e-Library
|